| 000 | 01328nam a2200349 a 4500 | ||
|---|---|---|---|
| 001 | 000113029 | ||
| 003 | CHAP | ||
| 005 | 20220329144334.0 | ||
| 008 | 170322s2016 mx sm |||||||spa d | ||
| 010 | _a109490 | ||
| 011 | _a110462 | ||
| 040 | _cCHAP | ||
| 090 | _aTesis | ||
| 100 | 1 |
_aMorales García, Miguel Angel _9131778 |
|
| 245 | 1 | 0 |
_aAnálisis de créditos de habilitación y refaccionarios en la Soledad de Santa Apolonia S.P.R. de R.L. _h[En línea] _cpor Miguel Angel Morales García. |
| 260 |
_aChapingo, Méx. : _bEl autor, _c2016. |
||
| 500 | _aPara ver el contenido del material haga clic en la liga | ||
| 502 | _aTesis (Ing. Mecánico Agrícola) -- UACH. Departamento de Ingeniería Mecánica Agrícola | ||
| 590 |
_aBATCH-UPD _b10 _c20170324 _lUCH01 _h0914 |
||
| 590 |
_aE11695DGD _b10 _c20170324 _lUCH01 _h0913 |
||
| 590 |
_aE5765TAJ _b05 _c20170322 _lUCH01 _h0922 |
||
| 590 |
_aE5765TAJ _b05 _c20170322 _lUCH01 _h0923 |
||
| 650 | 1 | 4 |
_aCrédito agrícola _xAsociaciones cooperativas. _929028 |
| 650 | 1 | 4 |
_aCrédito cooperativo. _929093 |
| 650 | 1 | 4 |
_aCrédito supervisado. _929131 |
| 650 | 1 | 4 |
_aPréstamos bancarios. _9131779 |
| 650 | 1 | 4 |
_aSorgo _xAspectos económicos. _9108629 |
| 856 |
_aFinding aid _uhttp://10.13.5.2/tesis/sist113029.pdf _zTeclea aquí |
||
| 901 | _aBK | ||
| 942 | _cTESIS | ||
| 942 | _n0 | ||
| 999 |
_c109490 _d109490 |
||